| 000 | 00634nam a22001937a 4500 | ||
|---|---|---|---|
| 005 | 20240925152740.0 | ||
| 010 | _aENG-141779 | ||
| 020 |
_a9789356849051 _c200.00 |
||
| 035 | _aEN-125311 | ||
| 037 | _bDBAD | ||
| 082 | _a658.7 | ||
| 100 |
_aRakesh Kumar _971966 |
||
| 245 |
_aDesi Manager: _bIndian Sutras for an Efficient Management/ _cBy Rakesh Kumar |
||
| 250 | _a1 | ||
| 260 |
_aNew Delhi _bDiamond Pocket Books _c2024 |
||
| 270 |
_aX- 30, Okhla Industrial Area, Phase-II _bNew Delhi _e110020 _mwecare@diamondbooks.in _k011-40712100 _k011-41611861 |
||
| 300 |
_a152p. _c22cm(pb) |
||
| 942 |
_2ddc _cEN _h658.7 _mRAK |
||
| 999 |
_c205896 _d205896 |
||